Statistics for Where the first dinosaur fossils were found part 5

Click here to take the quiz!

General Stats

  • This quiz has been taken 11 times
  • The average score is 12 of 15

Answer Stats

HintAnswer% Correct
MicroraptorChina
100%
PinacosaurusChina/Mongolia
100%
IguanodonUK
100%
HypsilophodonUK
100%
ChindesaurusUSA
100%
TenontosaurusUSA
100%
DimetrodonUSA
100%
QuetzalcoatlusUSA
100%
CryolophosaurusAntarctica
80%
DeinonychusMongolia
80%
TorvosaurusNorth America/Portugal
70%
BrontosaurusNorth America
50%
EdmontoniaNorth America
50%
EdmontosaurusNorth America
50%
AnatosaurusNorth America
50%

Score Distribution

Percentile by Number Answered

Percent of People with Each Score

Your Score History

You have not taken this quiz